Countries named after cities - Statistics

General Stats
  • This quiz has been taken 319 times
    235 since last reset
  • The average score is 6 of 17
Answer Stats
Country % Correct
North America Mexico Mexico (Mexico)
73%
South America Venezuela Venice (Italy)
57%
Africa Algeria Algiers (Algeria)
53%
North America Panama Panama (Panama)
53%
Africa Tunisia Tunis (Tunisia)
53%
Europe Luxembourg Luxembourg (Luxembourg)
47%
Europe Portugal Porto (Portugal)
38%
Africa Morocco Marrakesh (Morocco)
37%
Europe Romania Rome (Italy)
33%
Africa Djibouti Djibouti (Djibouti)
27%
Africa Guinea Bissau Bissau (Guinea Bissau)
21%
Africa Benin Benin (Nigeria)
19%
Europe Switzerland Schwyz (Switzerland)
19%
Africa Zimbabwe Great Zimbabwe (Zimbabwe)
19%
Africa Madagascar Mogadishu (Somalia)
14%
Africa Togo Togoville (Togo)
13%
Asia Qatar Zubarah (Qatar)
12%
No matching quizzes found
Score Distribution
Percent of People with Each Score
Percentile by Number Answered
Your Score History
You have not taken this quiz since the last reset